Manažment /

Salvato in:
Dettagli Bibliografici
Autore principale: Majtán, Miroslav (Autore)
Natura: Libro
Lingua:slovacco
Pubblicazione: Bratislava: Sprint 2 s.r.o., 2016
Edizione:6. prepracované vydanie
Tags: Aggiungi Tag
Nessun Tag, puoi essere il primo ad aggiungerne!!

MARC

LEADER 00000nam a22000003a 4500
001 0026324
003 SK-STU
005 20170926104748.8
007 ta
008 170926s ----xo-----e------000-0-----d
020 |a 978-80-89710-27-0 
040 |a STU  |b slo 
041 0 |a slo 
044 |a xo 
080 |a 65.012.4 
100 1 |a Majtán, Miroslav  |4 aut 
245 1 0 |a Manažment /  |c aut. Miroslav Majtán 
250 |a 6. prepracované vydanie 
260 |a Bratislava:  |b Sprint 2 s.r.o.,  |c 2016 
300 |a 408 s. 
996 |b 284EK89869  |c E* 89869  |l EE01  |s A  |a 24  |w 0026324_0001